00517nam a22001697a 450000500170000001000150001702000260003203500140005803700150007208200110008710000160009824501030011426000500021727000150026730000590028270000060034120220920103808.0 aENG-135131 a9789383763276c500.00 aEN-118663 bDBAD / PUB a954.33 aJitha, S.R. aDemocratic Movements and the rise of responsible Governments in Travancore And Cochin/cS.R. Jitha aKeralabCentre for South Indian studiesc2014 bTrivandrum a117p. c21cm(pbk)billustrations, References and Index a.